LEADER 00844cam1 22002651 450 001 SOBE00073765 005 20221104104229.0 100 $a20221104d1946 |||||ita|0103 ba 101 $aita 102 $aIT 200 1 $aStoria della Russia$fdi Ettore Lo Gatto 210 $aFirenze$cSansoni$d1946 215 $a2 v.$cill.$d22 cm 225 2 $aciviltà europea 410 1$1001LAEC00019603$12001 $aLa *civiltà europea 463 1$1001SOBE00073777$12000 $a1 / di Ettore Lo Gatto 463 1$1001SOBE00073778$12000 $a2 / di Ettore Lo Gatto 500 10$aStoria della Russia$3SOBA00025882$9495494 700 1$aLo_Gatto$b, Ettore$3AF00007456$4070$05182 801 0$aIT$bUNISOB$c20221104$gRICA 912 $aSOBE00073765 940 $aM 102 Monografia moderna SBN 941 $aM 996 $aStoria della Russia$9495494 997 $aUNISOB LEADER 01042nam0 22002771i 450 001 UON00424410 005 20231205104840.729 100 $a20130513f1965 |0itac50 ba 101 $afre 102 $aFR 105 $a|||| 1|||| 200 1 $aTextes et chansons$fBoris Vian$gavant-propos de Noel Arnaud 210 $aParis$cJulliard$d1966 215 $a188 p.$d20 cm. 410 1$1001UON00424411$12001 $aCollection refus d'obtemperer$1210 $aParis$cJulliard.$v4 620 $aFR$dParis$3UONL002984 676 $a843.9$cNarrativa francese 1900-$v21 700 1$aVIAN$bBoris$3UONV215976$0201496 702 1$aARNAUD$bNoël$3UONV168218 712 $aJulliard$3UONV247994$4650 801 $aIT$bSOL$c20240220$gRICA 899 $aSIBA - SISTEMA BIBLIOTECARIO DI ATENEO$2UONSI 912 $aUON00424410 950 $aSIBA - SISTEMA BIBLIOTECARIO DI ATENEO$dSI Francese VI A VIAN 09 $eSI SFR2871 5 09 $sBuono 996 $aTextes et chansons$91332271 997 $aUNIOR